000 00670nam a22002297a 4500
005 20151013162712.0
008 151013b xxu||||| |||| 00| 0 eng d
020 _a9789331319944
_c595
040 _aLoreto College
041 _aEnglish
082 _a371.26
_bPAN
100 _aPanigrahi, S.C.
245 _aContinuous and comprehensive evaluation
_cProf. S.C. Panigrahi, Dr. R.C. Patel
260 _aNew Delhi
_bA.P.H. Publishing Corporation
_c2013
300 _axx,214p
_b23 cm
504 _aIncludes references
650 _aEducation
_vTests and Measures
650 _aEducational Evaluation
700 _4Auth
_aPatel, R.C
850 _aLCBED
942 _cBK
999 _c40132
_d90611